| 000 | 03537nam a22002417a 4500 | ||
|---|---|---|---|
| 001 | 6591 | ||
| 003 | FISKH | ||
| 005 | 20250528091705.0 | ||
| 008 | 250513b cb ||||| |||| 00| 0 eng d | ||
| 040 |
_aFISKH _bkhr _cFISKH _dFISKH |
||
| 082 | _a792.09596 | ||
| 100 | _aChihouth, Ty | ||
| 245 |
_aរឿង តេជោយ៉ត / _cអ្នកនិពន្ធលោក ទី ជីហួត ,អ្នករៀបរៀង អ្នកស្រី ប៊ី គឺមសែន ,បោះពុម្ពដោយ លោក ស្រី ប៊ុនដន |
||
| 250 | _aបោះពុម្ពលើកទី២ | ||
| 260 |
_aភ្នំពេញ : _bប៊ុនដន , _c២០០៤ . |
||
| 300 |
_a104 pages : _billustrations ; _c21 cm . |
||
| 520 | _aងនេះផ្ដោតទៅលើតួអង្គមួយឈ្មោះ ដេជោយ៉ត ដែលជាអភិបាលឬអ្នកគ្រប់គ្រងនៃប្រទេសយួន។ ដេជោយ៉តជាបុរសមានគុណធម៌ មានបញ្ញា និងចេះគោរពនឹងសម្តេចជ័យវរ្ម័ន (ព្រះបាទនៃអាណាចក្រខ្មែរ)។ ព្រះបាទជ័យវរ្ម័នបានផ្ញើបុរសចម្បាំងឆ្នើមម្នាក់ឈ្មោះ ចៅជួរ ទៅដឹកនាំទូតទៅកាន់អាណាចក្រយួន ដើម្បីពង្រឹងសិទ្ធិសមិទ្ធភាពនយោបាយ និងការសហការវិញ។ នៅទីនោះ ដេជោយ៉តបានបង្ហាញការគោរព និងស្និទ្ធស្នាលយ៉ាងខ្ពង់ខ្ពស់ចំពោះភ្ញៀវមកពីអង្គរ។ ការផ្តល់សេរីភាព ការប្រារព្ធពិធីស្វាគមន៍ និងការបង្ហាញសេចក្ដីគោរពរបស់ដេជោយ៉ត ធ្វើឱ្យកិច្ចសហប្រតិបត្តិការរវាងរដ្ឋទាំងពីរជោគជ័យ។ ពេលត្រឡប់មកវិញ ចៅជួរបានរាយការណ៍ដល់ព្រះបាទជ័យវរ្ម័នអំពីឥរិយាបថរបស់ដេជោយ៉ត ដោយសរសើរថាជាបុរសដែលគួរឲ្យគោរព។ | ||
| 520 | _aThis story focuses on a character named Décho Yat, who was a governor or high-ranking official of the Kingdom of Yuon (Vietnam). Décho Yat was a man of virtue, intelligence, and respect, especially toward King Jayavarman, the ruler of the Khmer Empire. King Jayavarman sent an outstanding warrior named Chao Chour to lead a diplomatic mission to the Kingdom of Yuon in order to strengthen political ties and cooperation. There, Décho Yat showed great respect and warm hospitality toward the guests from Angkor. His granting of freedom, the ceremonial welcome, and his respectful attitude made the diplomatic collaboration between the two states a success. Upon returning, Chao Chour reported to King Jayavarman about Décho Yat’s conduct and praised him as a man worthy of respect. | ||
| 650 |
_aតេជោយ៉ត _vអត្ថបទល្ខោនបាសាក់ |
||
| 650 |
_aDécho Yat _vBassac Theatre Script |
||
| 942 |
_2ddc _cKHB _n0 |
||
| 999 |
_c6591 _d6591 |
||